| 000 | 00000nam##2200000za#4500 |
| 001 | 9.587742 |
| 003 | CaOODSP |
| 005 | 20210624194800 |
| 007 | cr ||||||||||| |
| 008 | 150406|2007||||xxc|||||o f|0| 0 fre|d |
| 022 | |a1701-1280 |
| 040 | |aCaOODSP|bfre |
| 041 | |aeng |
| 041 | |afre |
| 043 | |an-cn--- |
| 086 | 1 |aFs70-4/2007-057-PDF |
| 110 | 1 |aCanada. |bMinistère des pêches et des océans. |
| 245 | 10|aAtelier national des Sciences sur « l'habitat essentiel et le cadre d'évaluation du potentiel de rétablissement » : |h[ressource électronique]|bdu 27 au 30 août 2007, Ottawa, Ontario / |cJake Rice, président ; Jennifer Shaw et Gary Rawn, rédacteurs. |
| 260 | |aOttawa - Ontario : |bPêches et Océans Canada |cAoût 2008. |
| 300 | |a96p.|btableaux |
| 490 | 1 |aSecrétariat canadien de consultation scientifique, série des comptes rendus|x1701-1280|v2007/057 |
| 590 | |a11-32-Supp|b2011-12-20 |
| 720 | 1 |aRawn, Gary P. |
| 720 | 1 |aRice, Jake |
| 720 | 1 |aShaw, Jennifer |
| 791 | |tNational science workshop on "Critical Habitat and Recovery Potential Assessment Framework" : |eeng|w(CaOODSP)9.587741 |
| 830 | #0|aCompte rendu (Secrétariat canadien de consultation scientifique)|x1701-1280|v2007/057|w(CaOODSP)9.500508 |
| 856 | 40|ahttp://publications.gc.ca|qPDF|s580 Ko|uhttps://publications.gc.ca/collections/collection_2011/mpo-dfo/Fs70-4-2007-057.pdf|y2007/057 |